000
00333nam a2200145Ia 4500
100
_a
Bakshi U A/ Godse/ A.P.
250
_a
2
942
_c
BK
654
_a
electrical
245
_a
Basic Electrical and electronics Engineering
260
_b
Tech Publication
_c
2001
082
_a
621.381
_b
BAK
300
_a
696
546
_a
ENGLISH
999
_c
19721
_d
19721